[Event "Komarom Esztergom County-chT"]
[Site "Hungary"]
[Date "2013.04.14"]
[Round "9.3"]
[White "Papp, Gabor1111"]
[Black "Nemeth, Sandor"]
[Result "1/2-1/2"]
[WhiteElo "1918"]
[BlackElo "2052"]
[PlyCount "20"]
[EventDate "2012.09.29"]
[EventType "team-tourn"]
[EventRounds "10"]
[EventCountry "HUN"]
[SourceTitle "EXT 2014"]
[Source "ChessBase"]
[SourceDate "2013.11.20"]
[SourceVersion "1"]
[SourceVersionDate "2013.11.20"]
[SourceQuality "1"]
[WhiteTeam "Acsi Kinizsi SC"]
[BlackTeam "Koernyei SE"]
[WhiteTeamCountry "HUN"]
[BlackTeamCountry "HUN"]

1. d4 Nf6 2. c4 c5 3. d5 e6 4. Nc3 exd5 5. cxd5 d6 6. e4 g6 7. Bd3 Bg7 8. Nge2 0-0 9. 0-0 Re8 10. Kh1 a6 1/2-1/2

[Event "HUN-chT2 Breyer 0809"]
[Site "Hungary"]
[Date "2009.02.22"]
[Round "8"]
[White "Kormos, Adam"]
[Black "Nemeth, Sandor"]
[Result "1/2-1/2"]
[WhiteElo "2151"]
[BlackElo "2046"]
[PlyCount "62"]
[EventDate "2008.10.26"]
[EventType "team-tourn"]
[EventRounds "11"]
[EventCountry "HUN"]
[SourceTitle "EXT 2010"]
[Source "ChessBase"]
[SourceDate "2010.11.25"]
[SourceVersion "1"]
[SourceVersionDate "2010.11.25"]
[SourceQuality "1"]
[WhiteTeam "BEAC II"]
[BlackTeam "Vertesi Eromu"]
[WhiteTeamCountry "HUN"]
[BlackTeamCountry "HUN"]

1. e4 d6 2. d4 Nf6 3. Nc3 g6 4. Bc4 Bg7 5. h3 0-0 6. Bb3 b5 7. a3 Bb7 8. Qe2 a6 9. Bg5 Nc6 10. Nf3 h6 11. Bxf6 exf6 12. Bd5 Re8 13. 0-0 Qb8 14. Qd3 b4 15. Ne2 Na5 16. Bxb7 Qxb7 17. axb4 Qxb4 18. Nc3 Nc6 19. Nd5 Qb7 20. Ra3 Nb4 21. Nxb4 Qxb4 22. Nd2 f5 23. exf5 Qxd4 24. fxg6 fxg6 25. Qxd4 Bxd4 26. c3 Re2 27. cxd4 Rxd2 28. Rc3 Ra7 29. Re1 Rxd4 30. Re7 Rb4 31. Rf3 Rxb2 1/2-1/2

[Event "HUN-chT2 Breyer 0809"]
[Site "Hungary"]
[Date "2009.02.08"]
[Round "7"]
[White "Gal, Janos"]
[Black "Nemeth, Sandor"]
[Result "0-1"]
[WhiteElo "2033"]
[BlackElo "2046"]
[PlyCount "146"]
[EventDate "2008.10.26"]
[EventType "team-tourn"]
[EventRounds "11"]
[EventCountry "HUN"]
[SourceTitle "EXT 2010"]
[Source "ChessBase"]
[SourceDate "2010.11.25"]
[SourceVersion "1"]
[SourceVersionDate "2010.11.25"]
[SourceQuality "1"]
[WhiteTeam "Dunaharaszti II"]
[BlackTeam "Vertesi Eromu"]
[WhiteTeamCountry "HUN"]
[BlackTeamCountry "HUN"]

1. e4 d6 2. f4 Nf6 3. Nc3 g6 4. Nf3 Bg7 5. d4 0-0 6. h3 a6 7. Be3 b5 8. e5 Ne8 9. Qd2 Bb7 10. 0-0-0 e6 11. h4 Bxf3 12. gxf3 h5 13. Qg2 Nc6 14. d5 b4 15. Ne4 exd5 16. Rxd5 Ne7 17. Rd1 Nf5 18. Bf2 d5 19. Ng5 c6 20. Bd3 Qa5 21. Kb1 Ne7 22. Qh3 c5 23. Qd7 c4 24. Qxe7 cxd3 25. Rxd3 Rc8 26. Be1 Rc4 27. Bd2 Qb5 28. b3 Rc5 29. e6 f5 30. Qd7 a5 31. Qxb5 Rxb5 32. Be3 Nc7 33. Rg1 Bf6 34. Nf7 Kh7 35. Nd6 Rbb8 36. Ba7 Rbd8 37. Nf7 Ra8 38. Bc5 Rfe8 39. Bb6 Nxe6 40. Rxd5 Nxf4 41. Rxa5 Ne2 42. Rxa8 Rxa8 43. Ng5+ Kg7 44. Ne6+ Kf7 45. Ng5+ Kg7 46. Ne6+ Kf7 47. Ng5+ Kg8 48. Re1 Nc3+ 49. Kc1 Nxa2+ 50. Kd2 Bc3+ 51. Kd1 Bxe1 52. Kxe1 Nc3 53. Kd2 Ra1 54. Kd3 Rh1 55. Bd4 Nd1 56. c4 bxc3 57. b4 Rh2 58. Bxc3 Nxc3 59. Kxc3 Kf8 60. b5 Ke7 61. Kd4 Rxh4+ 62. Kc5 Rh1 63. Kc6 Rc1+ 64. Kd5 Rg1 65. f4 Rxg5 66. fxg5 Kd7 67. Ke5 h4 68. b6 Kc6 69. Kf6 h3 70. Kxg6 h2 71. Kxf5 h1Q 72. Kf6 Qh7 73. g6 Qg8 0-1

[Event "HUN-chT2 Breyer 0708"]
[Site "Hungary"]
[Date "2008.05.18"]
[Round "11"]
[White "Gelle, Istvan"]
[Black "Nemeth, Sandor"]
[Result "1-0"]
[WhiteElo "2324"]
[BlackElo "2046"]
[PlyCount "31"]
[EventDate "2007.10.14"]
[EventType "team"]
[EventRounds "11"]
[EventCountry "HUN"]
[SourceTitle "EXT 2009"]
[Source "ChessBase"]
[SourceDate "2008.11.26"]
[SourceVersion "1"]
[SourceVersionDate "2008.11.26"]
[SourceQuality "1"]
[WhiteTeam "Hobagoly"]
[BlackTeam "Vertesi Eromu"]
[WhiteTeamCountry "HUN"]
[BlackTeamCountry "HUN"]

1. d4 Nf6 2. Bf4 g6 3. e3 Bg7 4. Nf3 0-0 5. Be2 c5 6. c3 b6 7. a4 Bb7 8. 0-0 d6 9. h3 Nbd7 10. Nbd2 Qe8 11. Bh2 Ne4 12. a5 Ndf6 13. Qb3 Qc6 14. Rfd1 Nxd2 15. Rxd2 Rfc8 16. a6 1-0

[Event "HUN-chT2 Breyer 0708"]
[Site "Hungary"]
[Date "2008.04.27"]
[Round "10"]
[White "Poor, Istvan"]
[Black "Nemeth, Sandor"]
[Result "1-0"]
[WhiteElo "2264"]
[BlackElo "2046"]
[PlyCount "71"]
[EventDate "2007.10.14"]
[EventType "team"]
[EventRounds "11"]
[EventCountry "HUN"]
[SourceTitle "EXT 2009"]
[Source "ChessBase"]
[SourceDate "2008.11.26"]
[SourceVersion "1"]
[SourceVersionDate "2008.11.26"]
[SourceQuality "1"]
[WhiteTeam "Honved II"]
[BlackTeam "Vertesi Eromu"]
[WhiteTeamCountry "HUN"]
[BlackTeamCountry "HUN"]

1. e4 g6 2. f4 Bg7 3. Nf3 d6 4. Nc3 Nd7 5. Bc4 e6 6. 0-0 a6 7. a4 Ne7 8. d3 0-0 9. g4 Nb6 10. Bb3 d5 11. Qe2 c5 12. a5 c4 13. Ba2 Nd7 14. Be3 cxd3 15. cxd3 d4 16. Bxd4 Bxd4+ 17. Nxd4 e5 18. Nc2 exf4 19. Rxf4 Ne5 20. d4 g5 21. Rf5 Bxf5 22. gxf5 N5c6 23. Qh5 Nxd4 24. Ne3 Nexf5 25. Nxf5 Nxf5 26. exf5 Qd4+ 27. Kh1 Qh4 28. Qxh4 gxh4 29. Rg1+ Kh8 30. Ne4 f6 31. Nd6 h6 32. Rg6 Rab8 33. Nf7+ Kh7 34. Rxh6+ Kg8 35. Rg6+ Kh7 36. Rxf6 1-0

[Event "HUN-chT2 Breyer 0607"]
[Site "Hungary"]
[Date "2007.04.15"]
[Round "8"]
[White "Domschitz, Lajos"]
[Black "Nemeth, Sandor"]
[Result "0-1"]
[WhiteElo "2094"]
[BlackElo "2046"]
[PlyCount "78"]
[EventDate "2006.11.12"]
[EventType "team"]
[EventRounds "11"]
[EventCountry "HUN"]
[SourceTitle "EXT 2008"]
[Source "ChessBase"]
[SourceDate "2007.11.25"]
[SourceVersion "1"]
[SourceVersionDate "2007.11.25"]
[SourceQuality "1"]
[WhiteTeam "Penzugyor II"]
[BlackTeam "Vertesi Eromu"]
[WhiteTeamCountry "HUN"]
[BlackTeamCountry "HUN"]

1. e4 g6 2. d4 Bg7 3. Bc4 d6 4. Nc3 Nf6 5. f3 a6 6. a3 b5 7. Ba2 Bb7 8. Be3 Nbd7 9. Qe2 e6 10. 0-0-0 Nb6 11. h4 d5 12. Bg5 h6 13. Bf4 Nh5 14. Bh2 Qxh4 15. exd5 Qg5+ 16. Kb1 Nxd5 17. Ne4 Qe7 18. Nc5 Bc6 19. c4 bxc4 20. Bxc4 0-0 21. Bxd5 Bxd5 22. Nxa6 Ra7 23. Nb4 Qd7 24. g4 Rb8 25. Qd2 Nf6 26. Be5 Qa4 27. Rc1 Rab7 28. Rc3 Rxb4 29. axb4 Qa2+ 30. Kc2 Rxb4 31. Qc1 Ne4 32. Bxg7 Nxc3 33. Be5 Na4 34. Rxh6 Rxb2+ 35. Kd1 Nc3+ 36. Ke1 f6 37. Rxg6+ Kf7 38. Rxf6+ Ke7 39. Rxe6+ Bxe6 0-1

[Event "HUN-chT2 Breyer 0506"]
[Site "Hungary"]
[Date "2006.04.09"]
[Round "10"]
[White "Nemeth, Sandor"]
[Black "Farkas, Lajos"]
[Result "0-1"]
[WhiteElo "2046"]
[BlackElo "2141"]
[PlyCount "42"]
[EventDate "2005.10.16"]
[EventType "team"]
[EventRounds "11"]
[EventCountry "HUN"]
[SourceTitle "EXT 2009"]
[Source "ChessBase"]
[SourceDate "2008.11.26"]
[SourceVersion "1"]
[SourceVersionDate "2008.11.26"]
[SourceQuality "1"]
[WhiteTeam "Vertesi Eromu"]
[BlackTeam "Barcza"]
[WhiteTeamCountry "HUN"]
[BlackTeamCountry "HUN"]

1. g3 g6 2. Bg2 Bg7 3. c4 d6 4. Nc3 Nf6 5. d4 0-0 6. e4 Nbd7 7. f4 e5 8. fxe5 dxe5 9. d5 Qe7 10. Bf3 Qb4 11. Qb3 Qxb3 12. axb3 Nc5 13. Be3 Nxb3 14. Rd1 Ng4 15. Bxg4 Bxg4 16. Nge2 Na5 17. c5 f5 18. d6 f4 19. gxf4 exf4 20. Bxf4 Bxc3+ 21. bxc3 Bxe2 0-1

[Event "HUN-chT2 Breyer 0304"]
[Site "Hungary"]
[Date "2004.03.21"]
[Round "9"]
[White "Nemeth, Sandor"]
[Black "Brestak, Jan"]
[Result "0-1"]
[WhiteElo "2077"]
[BlackElo "2187"]
[PlyCount "112"]
[EventDate "2003.09.28"]
[EventType "team"]
[EventRounds "11"]
[EventCountry "HUN"]
[SourceTitle "EXT 2009"]
[Source "ChessBase"]
[SourceDate "2008.11.26"]
[SourceVersion "1"]
[SourceVersionDate "2008.11.26"]
[SourceQuality "1"]
[WhiteTeam "Vertesi Eromu"]
[BlackTeam "Komarom"]
[WhiteTeamCountry "HUN"]
[BlackTeamCountry "HUN"]

1. g3 e5 2. Bg2 d5 3. c4 c6 4. cxd5 cxd5 5. d3 Nc6 6. Nf3 Bb4+ 7. Bd2 e4 8. Ng1 Qe7 9. dxe4 dxe4 10. Bxb4 Qxb4+ 11. Qd2 Nf6 12. Nh3 Bg4 13. 0-0 Qxd2 14. Nxd2 0-0-0 15. Nb3 Bxe2 16. Rfe1 Bd3 17. Ng5 Rhe8 18. Nc5 e3 19. Nxd3 Rxd3 20. fxe3 h6 21. Nxf7 Re7 22. Nh8 Ne5 23. Bh3+ Kb8 24. Ng6 Nxg6 25. Bf5 Ne5 26. Bxd3 Nxd3 27. Re2 Ne4 28. Kg2 a5 29. Rf1 b6 30. h4 Kb7 31. a3 Kc6 32. Rd1 Rd7 33. Rc2+ Nec5 34. Rcd2 Kb5 35. Kf3 Kc4 36. Ke2 Ne5 37. b4 axb4 38. Rd4+ Rxd4 39. Rxd4+ Kc3 40. axb4 Ncd3 41. b5 Nc5 42. Rd6 Ncd7 43. Rd4 g6 44. Rd5 Kc4 45. e4 h5 46. Ke3 Ng4+ 47. Kf4 Ndf6 48. Rg5 Nf2 49. Rxg6 N2xe4 50. Ke5 Kxb5 51. g4 hxg4 52. h5 Kc4 53. h6 Kd3 54. h7 Nxh7 55. Rxg4 Nhg5 56. Rg1 Nf3+ 0-1

[Event "HUN-chT2 Breyer 0304"]
[Site "Hungary"]
[Date "2003.10.05"]
[Round "2"]
[White "Nemeth, Sandor"]
[Black "Orso, Janos"]
[Result "1/2-1/2"]
[WhiteElo "2077"]
[BlackElo "2256"]
[PlyCount "97"]
[EventDate "2003.09.28"]
[EventType "team"]
[EventRounds "11"]
[EventCountry "HUN"]
[SourceTitle "EXT 2009"]
[Source "ChessBase"]
[SourceDate "2008.11.26"]
[SourceVersion "1"]
[SourceVersionDate "2008.11.26"]
[SourceQuality "1"]
[WhiteTeam "Vertesi Eromu"]
[BlackTeam "MAFC"]
[WhiteTeamCountry "HUN"]
[BlackTeamCountry "HUN"]

1. e4 c5 2. Nf3 Nc6 3. Bb5 Qc7 4. 0-0 e6 5. Re1 Nge7 6. c3 a6 7. Bxc6 Nxc6 8. d4 Be7 9. Nbd2 cxd4 10. cxd4 Nb4 11. Nb3 d5 12. Bg5 Qc2 13. Bxe7 Kxe7 14. a3 dxe4 15. Ng5 Qxd1 16. Raxd1 Nd5 17. Nxe4 Bd7 18. Nec5 b6 19. Nxd7 Kxd7 20. Nc1 Rhc8 21. Rd2 Rc7 22. Nd3 Rac8 23. g3 Kd6 24. Kf1 Rc2 25. Ke2 f6 26. Red1 Rxd2+ 27. Rxd2 Rc4 28. Ne1 g5 29. Nc2 h5 30. Ne3 Rc1 31. Nd1 a5 32. Rd3 Rc2+ 33. Ke1 f5 34. Rb3 Kc6 35. h4 g4 36. Ne3 Nxe3 37. Rxe3 Kd5 38. Rb3 Rc6 39. Rd3 Ke4 40. Kd2 Rd6 41. Kc3 Rc6+ 42. Kd2 Rd6 43. Kc3 f4 44. gxf4 Kxf4 45. Re3 b5 46. Kd3 Rb6 47. Ke2 b4 48. Kf1 bxa3 49. bxa3 1/2-1/2

[Event "HUN-chT2 Breyer 0203"]
[Site "Hungary"]
[Date "2003.03.02"]
[Round "8"]
[White "Nemeth, Sandor"]
[Black "Feher, Laszlo"]
[Result "1/2-1/2"]
[WhiteElo "2080"]
[BlackElo "2062"]
[PlyCount "61"]
[EventDate "2002.09.22"]
[EventType "team"]
[EventRounds "11"]
[EventCountry "HUN"]
[SourceTitle "EXT 2009"]
[Source "ChessBase"]
[SourceDate "2008.11.26"]
[SourceVersion "1"]
[SourceVersionDate "2008.11.26"]
[SourceQuality "1"]

1. g3 e5 2. Bg2 d5 3. c4 c6 4. Nc3 d4 5. Nb1 Be6 6. d3 f5 7. e3 Bc5 8. Ne2 Nf6 9. 0-0 0-0 10. b4 Bxb4 11. exd4 exd4 12. Nd2 Qd7 13. Nb3 Na6 14. a3 Bc3 15. Nxc3 dxc3 16. Qc2 Rad8 17. Qxc3 Qxd3 18. Qxd3 Rxd3 19. Na5 Nc5 20. Rb1 Rf7 21. Re1 Bc8 22. Bf1 Rd8 23. Be3 Nfd7 24. Red1 Re8 25. Bg2 Rf6 26. h3 h6 27. h4 Kh7 28. Rb2 Na4 29. Rbd2 Ndc5 30. Rd8 Rff8 31. R8d2 1/2-1/2

[Event "HUN-chT2 Breyer 0203"]
[Site "Hungary"]
[Date "2003.02.02"]
[Round "6"]
[White "Nemeth, Sandor"]
[Black "Guba, Miklos"]
[Result "1/2-1/2"]
[WhiteElo "2080"]
[BlackElo "2143"]
[PlyCount "44"]
[EventDate "2002.09.22"]
[EventType "team"]
[EventRounds "11"]
[EventCountry "HUN"]
[SourceTitle "EXT 2009"]
[Source "ChessBase"]
[SourceDate "2008.11.26"]
[SourceVersion "1"]
[SourceVersionDate "2008.11.26"]
[SourceQuality "1"]

1. g3 d5 2. Bg2 e5 3. c4 Nf6 4. d3 Bb4+ 5. Bd2 Bxd2+ 6. Nxd2 0-0 7. cxd5 Nxd5 8. Ngf3 Re8 9. 0-0 Nd7 10. Qb3 c6 11. Rac1 N7f6 12. Rfd1 Qe7 13. a3 Be6 14. Qc2 Bg4 15. Re1 Rad8 16. b4 h6 17. h3 Bd7 18. e4 Nb6 19. d4 exd4 20. Nxd4 Bc8 21. N4b3 Nfd7 22. Nf3 Qf6 1/2-1/2

[Event "HUN-chT2 Breyer 0203"]
[Site "Hungary"]
[Date "2002.12.08"]
[Round "4"]
[White "Horvath, Sandor2222"]
[Black "Nemeth, Sandor"]
[Result "1/2-1/2"]
[WhiteElo "2094"]
[BlackElo "2080"]
[PlyCount "30"]
[EventDate "2002.09.22"]
[EventType "team"]
[EventRounds "11"]
[EventCountry "HUN"]
[SourceTitle "EXT 2009"]
[Source "ChessBase"]
[SourceDate "2008.11.26"]
[SourceVersion "1"]
[SourceVersionDate "2008.11.26"]
[SourceQuality "1"]

1. Nf3 Nf6 2. g3 g6 3. b3 Bg7 4. Bb2 0-0 5. Bg2 c5 6. c4 Nc6 7. 0-0 d6 8. d4 cxd4 9. Nxd4 Bd7 10. e3 Qc8 11. Re1 h5 12. h4 Ng4 13. Nxc6 Bxc6 14. Bxg7 Kxg7 15. Qd4+ e5 1/2-1/2

[Event "HUN-chT2 Breyer 0203"]
[Site "Hungary"]
[Date "2002.10.13"]
[Round "2"]
[White "Nemeth, Sandor"]
[Black "Takacs, Tamas"]
[Result "0-1"]
[WhiteElo "2080"]
[BlackElo "2008"]
[PlyCount "52"]
[EventDate "2002.09.22"]
[EventType "team"]
[EventRounds "11"]
[EventCountry "HUN"]
[SourceTitle "EXT 2009"]
[Source "ChessBase"]
[SourceDate "2008.11.26"]
[SourceVersion "1"]
[SourceVersionDate "2008.11.26"]
[SourceQuality "1"]

1. e4 e5 2. Nf3 Nc6 3. Bc4 Nf6 4. Ng5 d5 5. exd5 Na5 6. Bb5+ c6 7. dxc6 bxc6 8. Be2 h6 9. Nf3 e4 10. Ng1 Bc5 11. b4 Bxf2+ 12. Kf1 Nb7 13. d3 Qb6 14. Bd2 0-0 15. Na3 exd3 16. cxd3 Bxg1 17. Rxg1 Nd6 18. Qc1 Bg4 19. Bf3 Qd4 20. Qc3 Nf5 21. Nc2 Qd6 22. Rh1 Bxf3 23. gxf3 Rad8 24. Ne1 Nd5 25. Qc1 Rfe8 26. Rb1 Qe6 0-1

[Event "Budapest FS04 Elo"]
[Site "Budapest"]
[Date "2002.??.??"]
[Round "6"]
[White "Meszaros, Attila"]
[Black "Nemeth, Sandor"]
[Result "1-0"]
[WhiteElo "2035"]
[BlackElo "2100"]
[PlyCount "91"]
[EventDate "2002.04.02"]
[EventType "tourn"]
[EventRounds "9"]
[EventCountry "HUN"]
[SourceTitle "EXT 2003"]
[Source "ChessBase"]
[SourceDate "2002.11.25"]
[SourceVersion "1"]
[SourceVersionDate "2002.11.25"]
[SourceQuality "1"]

1. e4 c5 2. Nf3 Nc6 3. d4 cxd4 4. Nxd4 Nf6 5. Nc3 e5 6. Ndb5 d6 7. Bg5 a6 8. Na3 b5 9. Nd5 Be7 10. Bxf6 Bxf6 11. c4 b4 12. Nc2 a5 13. b3 Be6 14. Be2 0-0 15. 0-0 Bg5 16. Nce3 Nd4 17. Bg4 Nc6 18. g3 Bxe3 19. Nxe3 Ne7 20. Bf3 Rc8 21. Qd3 Qb6 22. Rad1 Rfd8 23. Rd2 Rc7 24. Rfd1 Rcd7 25. Qe2 Nc6 26. Nc2 g6 27. Bg4 f5 28. exf5 gxf5 29. Bh3 Qc5 30. Qh5 Rf8 31. Qh6 Nd8 32. Ne3 Rff7 33. Qh5 f4 34. Nf5 Kf8 35. Qh6+ Kg8 36. Qg5+ Kf8 37. Qh5 fxg3 38. hxg3 e4 39. Qh6+ Kg8 40. Ne3 Bxh3 41. Qxh3 Qg5 42. Rxd6 Rxd6 43. Rxd6 Rf8 44. Rd5 Qg7 45. Qg4 Nc6 46. Rg5 1-0

[Event "Budapest FS04 Elo"]
[Site "Budapest"]
[Date "2002.??.??"]
[Round "5"]
[White "Nemeth, Sandor"]
[Black "Edlund, Robin"]
[Result "0-1"]
[WhiteElo "2100"]
[BlackElo "2115"]
[PlyCount "94"]
[EventDate "2002.04.02"]
[EventType "tourn"]
[EventRounds "9"]
[EventCountry "HUN"]
[SourceTitle "EXT 2003"]
[Source "ChessBase"]
[SourceDate "2002.11.25"]
[SourceVersion "1"]
[SourceVersionDate "2002.11.25"]
[SourceQuality "1"]

1. e4 c5 2. Nf3 Nc6 3. Bb5 g6 4. 0-0 Bg7 5. Re1 Nf6 6. h3 0-0 7. Bxc6 dxc6 8. d3 Nd7 9. Nbd2 e5 10. Nb3 Qe7 11. Bg5 f6 12. Be3 b6 13. Qd2 Rd8 14. Rad1 Nf8 15. Qc1 Ne6 16. c3 Bb7 17. Qc2 Kh8 18. Nbd2 Rd7 19. Nc4 Rad8 20. b3 Qf8 21. Nh2 Qe7 22. Ng4 Rf8 23. Qc1 Rdd8 24. Qa3 b5 25. Na5 Ba8 26. d4 exd4 27. cxd4 b4 28. Qc1 cxd4 29. Bd2 c5 30. a3 bxa3 31. Qxa3 Rb8 32. Rb1 Rfc8 33. Nh2 Qc7 34. Qc1 Bf8 35. Nc4 Bg7 36. Ng4 Qd7 37. Nh2 Rd8 38. Ba5 Re8 39. b4 cxb4 40. Qd2 b3 41. Bb4 Bf8 42. Bxf8 Rxf8 43. Nf3 Qb5 44. Na5 b2 45. Nxd4 Nxd4 46. Qxd4 Qxa5 47. Rf1 Qe5 0-1

[Event "Budapest FS04 Elo"]
[Site "Budapest"]
[Date "2002.??.??"]
[Round "3"]
[White "Varga, Csaba"]
[Black "Nemeth, Sandor"]
[Result "1/2-1/2"]
[WhiteElo "2085"]
[BlackElo "2100"]
[PlyCount "146"]
[EventDate "2002.04.02"]
[EventType "tourn"]
[EventRounds "9"]
[EventCountry "HUN"]
[SourceTitle "EXT 2003"]
[Source "ChessBase"]
[SourceDate "2002.11.25"]
[SourceVersion "1"]
[SourceVersionDate "2002.11.25"]
[SourceQuality "1"]

1. d4 Nf6 2. c4 c5 3. d5 e6 4. Nc3 exd5 5. cxd5 d6 6. e4 g6 7. Bd3 Bg7 8. Nge2 0-0 9. 0-0 a6 10. a4 Nbd7 11. b3 Re8 12. Bg5 h6 13. Bh4 g5 14. Bg3 Ne5 15. f4 Ng6 16. Qd2 Bg4 17. fxg5 hxg5 18. Rae1 Nh5 19. Bf2 Be5 20. Be3 f6 21. Nd1 Kg7 22. Nf2 Bd7 23. Nc1 Rh8 24. g3 Rh7 25. Nh1 Bh3 26. Rf2 Qh8 27. Ne2 Bg4 28. Nf4 gxf4 29. gxf4 Bd4 30. Bxd4 cxd4 31. e5 f5 32. exd6 Rd8 33. Re6 Nf8 34. Re7+ Kg8 35. Qb4 Rd7 36. Qc5 Qf6 37. Re6 Qd8 38. Rg2 Rhg7 39. Re7 Nxf4 40. Bxf5 Nh3+ 41. Kf1 Rdxe7 42. dxe7 Qxe7 43. Qxe7 Rxe7 44. Rxg4+ Kf7 45. Rxd4 Ng5 46. d6 Re8 47. d7 Rd8 48. Rb4 Kf6 49. Ng3 Nxd7 50. Rxb7 Nc5 51. Rb6+ Kf7 52. h4 Nf3 53. Bg6+ Kg8 54. Nf5 Rf8 55. Kg2 Rxf5 56. Bxf5 Nxh4+ 57. Kg3 Nxf5+ 58. Kf4 Ne7 59. a5 Kf7 60. Kf3 Nd5 61. Rb8 Ke7 62. b4 Nd7 63. Rb7 Kd6 64. b5 Ne5+ 65. Kg3 axb5 66. Rxb5 Nc4 67. a6 Ncb6 68. a7 Kc6 69. Ra5 Nc7 70. Kf4 Kb7 71. Kf5 Nc8 72. a8Q+ Nxa8 73. Rxa8 Kxa8 1/2-1/2

[Event "Harkany Tenkes Cup 25th"]
[Site "Harkany"]
[Date "2001.11.22"]
[Round "4"]
[White "Percze, Janos"]
[Black "Nemeth, Sandor"]
[Result "1-0"]
[WhiteElo "2209"]
[BlackElo "2097"]
[PlyCount "123"]
[EventDate "2001.11.19"]
[EventType "swiss"]
[EventRounds "9"]
[EventCountry "HUN"]
[SourceTitle "EXT 2004"]
[Source "ChessBase"]
[SourceDate "2003.11.25"]
[SourceVersion "1"]
[SourceVersionDate "2003.11.25"]
[SourceQuality "1"]

1. e4 g6 2. d4 Bg7 3. Nc3 c5 4. Nf3 Nc6 5. Be3 cxd4 6. Nxd4 d6 7. Qd2 Nf6 8. f3 Nxd4 9. Bxd4 0-0 10. 0-0-0 Be6 11. Kb1 Qa5 12. Nd5 Qd8 13. Nxf6+ exf6 14. Bc3 Qc7 15. g4 Rfd8 16. Qf4 Rac8 17. Bd3 g5 18. Qe3 b5 19. Qe1 Qc6 20. Ba5 Rd7 21. b3 Rb7 22. Qd2 Qa6 23. a4 Bc4 24. axb5 Rxb5 25. Bxc4 Rxc4 26. Bc3 Rxc3 27. Qxc3 f5 28. Rd4 Ra5 29. Rhd1 fxg4 30. fxg4 h6 31. Qb2 d5 32. exd5 Rxd5 33. Rxd5 Bxb2 34. Kxb2 Qf6+ 35. R5d4 Qe5 36. h3 Kg7 37. R1d3 Kg6 38. b4 a5 39. c3 axb4 40. cxb4 h5 41. Ka3 hxg4 42. hxg4 Qb5 43. Rd6+ f6 44. R6d5 Qa6+ 45. Kb3 Qe6 46. R3d4 Kf7 47. b5 f5 48. gxf5 Qe2 49. b6 Qa6 50. Rb4 Qb7 51. Rc5 Kf6 52. Rc7 Qd5+ 53. Ka4 Qd1+ 54. Kb5 Qf1+ 55. Rbc4 Qxf5+ 56. Ka6 Qf3 57. R7c6+ Kf7 58. b7 Qa3+ 59. Kb6 Qb3+ 60. Kc7 Qg3+ 61. Rd6 Qb3 62. Rcc6 1-0

[Event "Harkany Tenkes Cup 25th"]
[Site "Harkany"]
[Date "2001.11.20"]
[Round "2"]
[White "Dlauchy, Peter"]
[Black "Nemeth, Sandor"]
[Result "1/2-1/2"]
[WhiteElo "2003"]
[BlackElo "2097"]
[PlyCount "52"]
[EventDate "2001.11.19"]
[EventType "swiss"]
[EventRounds "9"]
[EventCountry "HUN"]
[SourceTitle "EXT 2004"]
[Source "ChessBase"]
[SourceDate "2003.11.25"]
[SourceVersion "1"]
[SourceVersionDate "2003.11.25"]
[SourceQuality "1"]

1. e4 g6 2. d4 Bg7 3. Nc3 c5 4. Nf3 Nc6 5. Be3 Qa5 6. Qd2 cxd4 7. Nxd4 Nf6 8. f3 d6 9. Nb3 Qd8 10. Bh6 0-0 11. 0-0-0 Be6 12. h4 Nh5 13. g4 Ng3 14. Rh3 Nxf1 15. Rxf1 Bxb3 16. axb3 Qa5 17. Bxg7 Kxg7 18. h5 g5 19. h6+ Kh8 20. Rh5 f6 21. f4 Nb4 22. Nb1 Rac8 23. c3 Qa6 24. Rf3 gxf4 25. Kd1 Qa1 26. Qc1 Na2 1/2-1/2